Biblioteca y Centro de Documentación

La próxima Europa (Registro nro. 5861)

Detalles MARC
000 -CABECERA
Longitud fija campo de control 01654nam a2200397 c 4500
001 - NÚMERO DE CONTROL
Número de control 5861
003 - IDENTIFICADOR DE NÚMERO DE CONTROL
Identificador del número de control ES-MaCES
005 - FECHA Y HORA DE LA ÚLTIMA TRANSACCIÓN
Fecha y hora de la última transacción 20150929135402.0
008 - CAMPO FIJO DE DESCRIPCIÓN FIJA--INFORMACIÓN GENERAL
Códigos de información de longitud fija   970916s1994 sp ||| | spa d
017 ## - NÚMERO DE REGISTRO DE DERECHOS DE AUTOR Y DEPÓSITO LEGAL
Número de copyright o de depósito legal BI-571-94
Agencia que asigna el número DL
020 ## - ISBN (INTERNATIONAL STANDARD BOOK NUMBER)
Número Internacional Normalizado para Libros (ISBN) 8488562179
035 ## - NÚMERO DE CONTROL DEL SISTEMA
Número de control del sistema CES19980059105m
040 ## - FUENTE DE CATALOGACIÓN
Centro catalogador de origen ES-MaCES
Lengua de catalogación spa
Centro transcriptor ES-MaCES
245 03 - MENCIÓN DE TÍTULO
Título La próxima Europa
Resto del título : un ensayo sobre alternativas y estrategias para una nueva visión de Europa
Mención de responsabilidad, etc. elaborado por un Grupo de la Fundación BBV bajo la dirección Profesor Michel Foucher ; [traducido por Miguel Mingarro Sáinz-Ezquerra]
260 ## - PUBLICACIÓN, DISTRIBUCIÓN, ETC (PIE DE IMPRENTA)
Lugar de publicación, distribución, etc. Bilbao
Nombre del editor, distribuidor, etc. Fundación BBV, Documenta
Fecha de publicación, distribución, etc. D.L. 1994
300 ## - DESCRIPCIÓN FÍSICA
Extensión 98 p.
Dimensiones 23 cm
500 ## - NOTA GENERAL
Nota general Ensayo presentado en la Conferencia del 25 Aniversario del Club de Roma, 'Visión de Europa 2020 : sus nuevas responsabilidades en un mundo cambiante' , 1-3- diciembre de 1993, Hannóver
541 ## - NOTA DE LA FUENTE INMEDIANTE DE ADQUISICIÓN
Forma de adquisición Gratuito
650 #4 - ASIENTO SECUNDARIO DE MATERIA--TÉRMINO DE MATERIA
Término de materia o nombre geográfico como elemento inicial integración económica
9 (RLIN) 27962
650 #4 - ASIENTO SECUNDARIO DE MATERIA--TÉRMINO DE MATERIA
Término de materia o nombre geográfico como elemento inicial integración política
9 (RLIN) 29381
650 #4 - ASIENTO SECUNDARIO DE MATERIA--TÉRMINO DE MATERIA
Término de materia o nombre geográfico como elemento inicial adhesión de miembros
9 (RLIN) 30972
650 #4 - ASIENTO SECUNDARIO DE MATERIA--TÉRMINO DE MATERIA
Término de materia o nombre geográfico como elemento inicial espacio social europeo
9 (RLIN) 30775
650 #4 - ASIENTO SECUNDARIO DE MATERIA--TÉRMINO DE MATERIA
Término de materia o nombre geográfico como elemento inicial política exterior
9 (RLIN) 26687
650 #4 - ASIENTO SECUNDARIO DE MATERIA--TÉRMINO DE MATERIA
Término de materia o nombre geográfico como elemento inicial ayuda al desarrollo
9 (RLIN) 26634
650 #4 - ASIENTO SECUNDARIO DE MATERIA--TÉRMINO DE MATERIA
Término de materia o nombre geográfico como elemento inicial tendencia
9 (RLIN) 28907
653 10 - TÉRMINO DE INDEXACIÓN--NO CONTROLADO
Término no controlado Mercado Único Europeo
650 #4 - ASIENTO SECUNDARIO DE MATERIA--TÉRMINO DE MATERIA
9 (RLIN) 26752
Término de materia o nombre geográfico como elemento inicial UE
700 1# - ENCABEZAMIENTO SECUNDARIO--NOMBRE PERSONAL
Nombre de persona Foucher, Michel
Término indicativo de función dir.
9 (RLIN) 12308
700 1# - ENCABEZAMIENTO SECUNDARIO--NOMBRE PERSONAL
Nombre de persona Mingarro Sáinz-Ezquerra, Miguel
Término indicativo de función tr.
9 (RLIN) 18663
710 2# - ENCABEZAMIENTO SECUNDARIO--NOMBRE CORPORATIVO
Nombre de entidad o nombre de jurisdicción como elemento inicial Fundación BBV
9 (RLIN) 3765
710 2# - ENCABEZAMIENTO SECUNDARIO--NOMBRE CORPORATIVO
Nombre de entidad o nombre de jurisdicción como elemento inicial Club de Roma
9 (RLIN) 1971
711 2# - ENCABEZAMIENTO SECUNDARIO--NOMBRE DE REUNIÓN
Nombre de congreso o nombre de jurisdicción como elemento inicial Conferencia "Visión de Europa 2020: sus nuevas responsabilidades en un mundo cambiante"
Fecha del congreso 1993
Sede del congreso Hannóver
9 (RLIN) 249
902 ## - CES. TIPO DE DOCUMENTO
Tipodoc (006$c Sirtex) LIB Libro
942 ## - ELEMENTOS KOHA
Fuente de clasificaión o esquema Clasificación propia del CES
Koha [por defecto] tipo de item Monografías
Parte de clasificación 1.0.
Existencias
Número de registro Signatura completa Tipo de item de Koha
021450 DPT-2513 Monografías
© CES, Consejo Económico y Social de España 2021